Some Facts on Britain
Na minha lista:
| Autor principal: | |
|---|---|
| Formato: | Livro |
| Idioma: | inglês |
| Publicado em: |
Bratislava
Slovenské pedagogické nakladateľstvo
1988
|
| Edição: | 2. ed. |
| Tags: |
Sem tags, seja o primeiro a adicionar uma tag!
|
MARC
| LEADER | 00000nam a2200000 4500 | ||
|---|---|---|---|
| 001 | c028698 | ||
| 005 | 20221219120616.2 | ||
| 041 | 0 | |a eng | |
| 044 | |a SK | ||
| 245 | 1 | 0 | |a Some Facts on Britain |c Jean Ruppeldtová |
| 250 | |a 2. ed. | ||
| 264 | 1 | |a Bratislava |b Slovenské pedagogické nakladateľstvo |c 1988 | |
| 300 | |a 282 s. | ||
| 100 | 1 | |a Ruppeldtová, Jean | |